| 000 | 01050nam a2200265 a 4500 | ||
|---|---|---|---|
| 003 | AR-BaBNM | ||
| 005 | 20251128203503.0 | ||
| 008 | 082120s2002 ||||||||||||||000 | spa|| | ||
| 040 | _cAR-BaBNM | ||
| 100 | 1 | _aSmith, Hyrum M. | |
| 245 | 0 | 0 | _aOrientación a los niños en las escuelas elementales |
| 260 |
_aMéxico, D.F. _bCentro Regional de Ayuda Técnica _c1965 |
||
| 300 | _a25 p. | ||
| 500 | _aContiene referencias bibliográficas en notas a pie de página | ||
| 500 | _aEsta edición es obra del Centro Regional de Ayuda Técnica, Agencia para el Desarrollo Internacional AID, Departamento de Estado del Gobierno de los Estados Unidos de América. El Centro es una organización dedicada a la producción de versiones en español d | ||
| 650 | 4 | _aSERVICIOS DE ORIENTACION | |
| 650 | 4 | _aPSICOLOGOS ESCOLARES | |
| 650 | 4 | _aCONSEJEROS PEDAGOGICOS | |
| 653 | _aORIENTACION EDUCATIVA | ||
| 653 | _aEDUCACION PRIMARIA | ||
| 700 | 1 | _aOmwake Ekerson, Louise | |
| 700 | 1 |
_aSievers, Frank L. _eprologuista |
|
| 942 | _cBK | ||
| 998 | _csilvi | ||
| 999 |
_c3610 _d3610 |
||